00852nam a2200253 4500003000400000005001700004008004100021040001800062041000800080050002100088100002900109245009800138264002800236300005400264336002200318337002400340338002400364610003900388650006000427700003700487700004200524942001500566999001700581OSt20260530115309.0260506b2004 NE ||||| |||| 00| 0 eng d aICIbSPAcICI aENG a NK1454.Z9b B731 a Vav Rijn Marike93246610aBrand environment design / cstories, Jim Smith ... [y otros.] ; compilation: Marike Van Rijn 1aAmsterdam :bBIS,c2004 a1 volumen (pag. varía) :bilustraciones a color atexto2rdacontent asin medio2rdamedia avolumen2rdacarrier aQua AssociatesvCatálogos932467 a DiseñoxHistoria |y Siglo XXzPaíses Bajos 9324681 aSmith, Jim, ecolaborador9324691 aVan Rijn, Marike, ecompilador932470 2lcccBKn1 c13232d13232